LEADER 00990naa a2200217 u 4500 001 000000094807 003 CaOOAMICUS 005 20070226130140.0 008 040518s1980 fr u000 u eng u 020 $a2-222-02620-2 035 $a10995600 040 $aIAR$bita 100 1 $aLuttrell, Anthony T.,$d1932-$0(OLS)http://pul/name/60816 245 10$aPopes and crusades 1362-1394 /$cAnthony Luttrell. 260 $aParis :$bEditions du Centre national de la recherche scientifique,$c1979. 300 $aS. 575-586, ;$c25 cm 773 0 $aGenèse et début du Grand Schisme d'occident. 773 0 $aCentre national de la recherche scientifique (Francia)$tGenèse et débuts du Grand Schisme d'Occident : Avignon, 25-28 septembre 1978$w()22844 996 $6020$a2-222-02620-2$9(OLS)http://pul/number/28667 996 $6245$aPopes and crusades 1362-1394$9(OLS)http://pul/title/121679 996 $6260$aParis :$bEditions du Centre national de la recherche scientifique$9(OLS)http://pul/publisher/49483 LEADER 01378nam a2200325 a 4500 001 000000151529 003 CaOOAMICUS 005 20160505100009.0 008 160505s2015 it u000 u ita r 020 $a978-88-8333-471-9* 032 $aLibriCat 040 $aPUL$bita 082 04$a262.9 100 1 $aDel Pozzo, Massimo,$d1966-$0(OLS)http://pul/name/70406 245 10$aIntroduzione alla scienza del diritto costituzionale canonico /$cMassimo del Pozzo. 260 $aRoma :$bEDUSC,$c©2015. 300 $a229 p. ;$c24 cm. 490 1 $aSubsidia canonica ;$v16 500 $aIn testa alla cop.: Pontificia Università della Santa Croce, Facoltà di Diritto Canonico. 504 $aBibliografia in nota. 650 4$aDiritto costituzionale canonico.$0(OLS)http://pul/subject/2961 830 0$aSubsidia canonica ;$v16.$0(OLS)http://pul/title/67028 850 $aPUL 852 $aPUL$W1$xSL Diritto Canonico 3$y77$m262. 9 COLL 8.16$j174098$qDDC 21$B176578$CPULBib$Z2$F176578 $H127670 $81 941 1 $a9 996 $6020$a978-88-8333-471-9*$9(OLS)http://pul/number/160358 996 $6082$a262.9$9(OLS)http://pul/classification/369 996 $6245$aIntroduzione alla scienza del diritto costituzionale canonico$9(OLS)http://pul/title/190802 996 $6260$aRoma :$bEDUSC$9(OLS)http://pul/publisher/79480